| 000 | 01415cam a22004097a 4500 | ||
|---|---|---|---|
| 003 | CHAP | ||
| 005 | 20220817043812.0 | ||
| 008 | 010926d tw r 00110 eng d | ||
| 010 | _a84831 | ||
| 011 | _a85803 | ||
| 035 | _a96339 | ||
| 040 | _cCHAP | ||
| 090 | _aFolleto 16297 | ||
| 100 | 0 | 0 |
_aSheng, Ted C. _9105621 |
| 245 | 1 | 0 |
_aLand capability classification for hilly watersheds using expert systems _c/by Ted C. Sheng |
| 260 |
_aTaiwan : _bFood and Fertilizer Technology Center, _c2000. |
||
| 300 | _a7 p. | ||
| 410 | 0 | 0 | _aFood & Fertilizer Technology Center |
| 490 | 0 |
_aExtensión bulletin _v; 485 |
|
| 590 |
_aBATCH-UPD _b10 _c20130110 _lUCH01 _h0505 |
||
| 590 |
_aBATCH-UPD _b10 _c20130110 _lUCH01 _h2219 |
||
| 590 |
_aBATCH-UPD _b10 _c20130410 _lUCH01 _h0143 |
||
| 590 |
_aBATCH-UPD _b10 _c20130410 _lUCH01 _h1617 |
||
| 590 |
_aBATCH-UPD _b10 _c20130914 _lUCH01 _h1317 |
||
| 590 |
_aCONVERSION _b10 _c20130109 _lUCH01 _h1347 |
||
| 650 | 1 | 4 |
_aErosión. _937335 |
| 650 | 1 | 4 |
_aSuelos _zTaiwan. _9110528 |
| 650 | 1 | 4 |
_aTierras _xClasificación _zTaiwan. _9113105 |
| 650 | 1 | 4 |
_aTierras _xUtilización _zTaiwan. _9113267 |
| 790 | 0 | _aTreatment Oriented Classification Scheme | |
| 810 | 0 | 0 |
_aFood & Fertilizer Technology Center _942175 |
| 830 | 0 |
_aExtension bulletin _v; 485 |
|
| 901 | _aBK | ||
| 905 | _aAlejandra Carrasco M. | ||
| 942 | _cFOLL | ||
| 949 |
_aFolleto 16297 _bBC _cFOLL _d33724000994885 _eTS1 _i96339 _sb |
||
| 999 |
_c84831 _d84831 |
||